Welcome to the Holygrace Academy Library

Please use search bar below to get started

CLEAN JOKES (Record no. 418)

MARC details
000 -LEADER
fixed length control field 00302nam a22001337a 4500
020 ## - INTERNATIONAL STANDARD BOOK NUMBER
ISBN 81-8573-440-X
082 ## - DEWEY DECIMAL CLASSIFICATION NUMBER
Classification number 823
Item number TIN/C
245 ## - TITLE STATEMENT
Title CLEAN JOKES
Remainder of title SHORT STOY
246 ## - VARYING FORM OF TITLE
Title proper/short title CLEAN JOKES
Remainder of title SHORT STORY
260 ## - PUBLICATION, DISTRIBUTION, ETC. (IMPRINT)
Place of publication DELHI
Name of publisher TINY TOT PUBLICATIONS
300 ## - PHYSICAL DESCRIPTION
Number of Pages 192
520 ## - SUMMARY, ETC.
Summary, etc SHORT STORY
942 ## - ADDED ENTRY ELEMENTS (KOHA)
Koha item type Books
Holdings
Withdrawn status Lost status Collection code Home library Current library Shelving location Date acquired Source of acquisition Cost, normal purchase price Full call number Accession Number Koha item type
    Fiction Main Library Main Library On Display 20/07/2004 Purchase 30.00 823 TIN/C 01505 Books